Nhận dạng thống kê và ứng dụng : Sách chuyên khảo
Tài liệu mang đến một số kết quả nghiên cứu về nhận dạng thống kê và ứng dụng, được trình bày trong 4 chương: 1. Nhận dạng và thống kê dữ liệu điểm; 2. Nhận dạng thống kê hàm mật độ xác suất; 3. Nhận dạng thống kê cho dữ liệu bả...
সংরক্ষণ করুন:
| প্রধান লেখক: | |
|---|---|
| অন্যান্য লেখক: | |
| বিন্যাস: | গ্রন্থ |
| ভাষা: | Vietnamese |
| প্রকাশিত: |
Cần Thơ
Đại học Cần Thơ
2025
|
| বিষয়গুলি: | |
| ট্যাগগুলো: |
ট্যাগ যুক্ত করুন
কোনো ট্যাগ নেই, প্রথমজন হিসাবে ট্যাগ করুন!
|
| Thư viện lưu trữ: | Thư viện Trường Đại học Nam Cần Thơ |
|---|
| LEADER | 01593nam a22002297a 4500 | ||
|---|---|---|---|
| 001 | NCT_4_025714 | ||
| 008 | 250827b xxu||||| |||| 00| 0 vie d | ||
| 999 | |c 9271 |d 9271 | ||
| 020 | |a 9786049656323 |c 250000 | ||
| 082 | 0 | 4 | |2 23rd ed. |a 519.5 |b T103 |
| 100 | 1 | |a Võ Văn Tài |d Chủ biên | |
| 245 | 1 | 0 | |a Nhận dạng thống kê và ứng dụng : |b Sách chuyên khảo |c Võ Văn Tài (Chủ biên) ; Nguyễn Trang Thảo |
| 260 | |a Cần Thơ |b Đại học Cần Thơ |c 2025 | ||
| 300 | |a 234 tr. |b Minh họa |c 28 cm | ||
| 520 | 3 | |a Tài liệu mang đến một số kết quả nghiên cứu về nhận dạng thống kê và ứng dụng, được trình bày trong 4 chương: 1. Nhận dạng và thống kê dữ liệu điểm; 2. Nhận dạng thống kê hàm mật độ xác suất; 3. Nhận dạng thống kê cho dữ liệu bảng; 4. Xây dựng mô hình chuỗi thời gian. | |
| 653 | |a Cơ bản | ||
| 700 | 1 | |a Nguyễn Trang Thảo | |
| 942 | |2 ddc |c BK | ||
| 952 | |0 0 |1 0 |2 ddc |4 0 |6 519_500000000000000_T103 |7 0 |9 31319 |a 000001 |b 000001 |d 2025-08-27 |o 519.5 T103 |p MD.22392 |r 2025-08-27 |v 250000.00 |w 2025-08-27 |y BK | ||
| 952 | |0 0 |1 0 |2 ddc |4 0 |6 519_500000000000000_T103 |7 0 |9 31320 |a 000001 |b 000001 |d 2025-08-27 |o 519.5 T103 |p MD.22367 |r 2025-08-27 |v 250000.00 |w 2025-08-27 |y BK | ||
| 952 | |0 0 |1 0 |2 ddc |4 0 |6 519_500000000000000_T103 |7 0 |9 31321 |a 000001 |b 000001 |d 2025-08-27 |o 519.5 T103 |p MD.22390 |r 2025-08-27 |v 250000.00 |w 2025-08-27 |y BK | ||
| 980 | |a Thư viện Trường Đại học Nam Cần Thơ | ||


